00426nam a2200169Ia 450000500170000000800410001702000220005804100120008008200110009210000320010324500340013525000080016926000240017750000080020165000210020970000260023020240823030800.0240823s9999||||xx |||||||||||||| ||und|| a978-81-908449-7-0 aENGLISH A425 P9 aChristian Douglas Kozlowska 0aSelected English Collocations a1st c2009bYes Dee Publi aYES aEnglishbEnglish a Halina Dzierzanowska